Library Logo

Pioneer International University Library Catalogue

Green mansions: (Record no. 9545)

MARC details
000 -LEADER
fixed length control field 00621cam a2200205u 4500
001 - CONTROL NUMBER
control field 7772848
003 - CONTROL NUMBER IDENTIFIER
control field OSt
005 - DATE AND TIME OF LATEST TRANSACTION
control field 20250901165818.0
008 - FIXED-LENGTH DATA ELEMENTS--GENERAL INFORMATION
fixed length control field 840511s1916 nyu 000 0 eng
010 ## - LIBRARY OF CONGRESS CONTROL NUMBER
LC control number 16006821
040 ## - CATALOGING SOURCE
Original cataloging agency DLC
Transcribing agency CarP
Modifying agency DLC
050 00 - LIBRARY OF CONGRESS CALL NUMBER
Classification number PZ 3 .H8697 Gr6 1916
Item number Gr6
Classification number PR6015.U23
050 00 - LIBRARY OF CONGRESS CALL NUMBER
Classification number Microfilm 52093 PZ
100 1# - MAIN ENTRY--PERSONAL NAME
Personal name Hudson, W. H.
Fuller form of name (William Henry),
Dates associated with a name 1841-1922.
245 10 - TITLE STATEMENT
Title Green mansions:
Remainder of title a romance of the tropical forest,
260 ## - PUBLICATION, DISTRIBUTION, ETC.
Place of publication, distribution, etc. New York,
Name of publisher, distributor, etc. A. A. Knopf,
Date of publication, distribution, etc. 1916.
300 ## - PHYSICAL DESCRIPTION
Extent xvi p., 1 l.,
Other physical details 350 p.
Dimensions 20 cm.
906 ## - LOCAL DATA ELEMENT F, LDF (RLIN)
a 0
b cbc
c premunv
d u
e ncip
f 19
g y-gencatlg
942 ## - ADDED ENTRY ELEMENTS (KOHA)
Source of classification or shelving scheme Library of Congress Classification
Koha item type Books
Holdings
Withdrawn status Lost status Source of classification or shelving scheme Damaged status Not for loan Home library Current library Shelving location Date acquired Total checkouts Full call number Barcode Date last seen Price effective from Koha item type
    Library of Congress Classification     Main Library Main Library   04/08/2025   PZ 3 .H8697 Gr6 1916 PIU0008610 04/08/2025 04/08/2025 Books